00634nam a2200217Ia 4500001001000000003000500010008004100015010001100056020001100067040000900078082001700087100002000104245004800124260007200172300001000244440001800254500004600272650002400318650005100342650002300393Para_7376CHAP220125s1940 xx 000 0 und d a206303 aM/BAJA cCHAP aPA-C 634 B84 aAlexander, E.D. aPastures for Georgia /c by E.D. Alexander aAthens :b The University of Georgia-Agricultural Extension Service a24 p. aBulletin; 457 aEncuadernado con otros impresos similares aForrajes x Georgia aFrutas y legumbres x colecciones de escritos  aPastos forrajeros